1257 1039 1798 1877 1190 1821 1564 1656 1951 1133 1228 1848 1845 1419 1994 1007 1269 1986 1744 1259 1154 1393 1681 1027 1580 1178 1578 1859 1362 1839 1198 1608 1892 1534 1456 1570 1873 1328 1013 1186 1517 1401 1389 1518 1537 1107 1201 1202 1308 1730 1529 1375 1263 1957 1058 1870 1506 1669 1531 1647 1543 1803 1468 1838 1742 1541 1867 1673 1618 1407 1772 1250 1548 1172 1107 1146 1573 1394 1955 1818 1798 1968 1273 1795 1269 1568 1478 1318 1739 1104 1309 1495 1199 1923 1119 1852 1098 1582 1458 BCNSPRNW ULIB Ver.6.0+V

เปลี่ยนเป็นภาษาไทย

Change to English
 แสดงรายละเอียดบรรณานุกรม
  กลับหน้าหลัก

Brief Record : Get Marc (ISO 2709) : E-mail record : QR code < ปิดหน้าต่าง
LEADER : 00000nam 2200000uu 4500
001    13399123854
003     ULIB
008    141212s2556||||th 000 0 tha d
020    ^a9786165070881
060 04 ^aWE835^bน349น
100 0  ^aนวลอนงค์ ชัยปิยะพร
245 10 ^aนิ้วล็อก=^bTrigger finger/^cนวลอนงค์ ชัยปิยะพร
246 14 ^aTrigger finger
250    ^aพิมพ์ครั้งที่ 1
260    ^aกรุงเทพฯ :^bหมอชาวบ้าน,^c2556
300    ^a56 หน้า :^bภาพประกอบ ;^c21 ซม.
650  4 ^aนิ้วมือ, โรค^xการรักษา
650  4 ^aนิ้วมือ, โรค^xการป้องกันและควบคุม
650  4 ^aบาดเจ็บจากการใช้งานมากเกินไป
653    ^aนิ้วล็อก
945    ^p60^l0^i22393
945    ^p60^l0^i22394
999    ^aทศพร เกษรทอง
รายการนี้ยังไม่มีแท็ก
คุณยังไม่ได้ล็อกอิน คุณสามารถมีกิจกรรมร่วมกับเว็บไซต์ได้ แต่ต้องล็อกอินก่อน ::
  ล็อกอิน

รายการสื่อสารสนเทศ

ลำดับที่ ประเภท เลขเรียก/บาร์โค้ด สถานที่ สถานะ
1. วิทยาศาสตร์การแพทย์ และสุขภาพ
วิทยาศาสตร์การแพทย์ และสุขภาพ
สถานะ=หนังสือเก่า
WE835 น349น ฉ.1 
  Barcode: 22393
ห้องสมุดวิทยาเขตนครสวรรค์
►ส่วนจัดเก็บหนังสือเก่า นว.
บนชั้น
  ขอยืม
2. วิทยาศาสตร์การแพทย์ และสุขภาพ
วิทยาศาสตร์การแพทย์ และสุขภาพ
สถานะ=หนังสือเก่า
WE835 น349น ฉ.2 
  Barcode: 22394
ห้องสมุดวิทยาเขตนครสวรรค์
►ส่วนจัดเก็บหนังสือเก่า นว.
บนชั้น
  ขอยืม

รายการใกล้เคียง
    ผู้แต่ง [นวลอนงค์ ชัยปิยะพร]

    หัวเรื่อง [บาดเจ็บจากการใช้งานมากเกินไป]

BibComment


ยังไม่เคยถูกคอมเมนท์

คอมเมนท์ทรัพยากรรายการนี้
  คอมเมนท์: นิ้วล็อก Trigger..


 Copyright 2026. Bcnsprnw @Library